000 01006nam a22003257a 4500
003 CHAP
005 20220329143556.0
008 100617s1995 us r 00010 eng d
010 _a98743
011 _a99715
020 _a0387944095
035 _a110401
040 _cCHAP
082 1 4 _a515.4
_bM29
100 1 _aMalliavin, Paul
_970170
245 1 0 _aIntegration and probability
_c/por Paul Malliavin
260 _aNew York, US. :
_bSpringer,
_c1995
300 _a322 p.
490 0 _aGraduate texts in mathematics
_v157
590 _aBATCH-UPD
_b10
_c20130110
_lUCH01
_h1320
590 _aBATCH-UPD
_b10
_c20130410
_lUCH01
_h0830
590 _aBATCH-UPD
_b10
_c20130914
_lUCH01
_h0953
590 _aCONVERSION
_b10
_c20130109
_lUCH01
_h1355
650 1 4 _aAnalisis de Fourier.
_95968
650 1 4 _aCálculo integral.
_923995
830 0 _aGraduate texts in mathematics
_v157
_950186
901 _aBK
942 _cLIBRO
949 _a515.4 M29
_bBC
_cLIBRO
_d33724002172074
_eLIBRO
_gI.c/e
_h112907
_i110401
_si
999 _c98743
_d98743